| 000 | 00490nam a2200205Ia 4500 | ||
|---|---|---|---|
| 003 | OSt | ||
| 005 | 20250930115530.0 | ||
| 008 | 250729s2007 xx 000 0 und d | ||
| 020 | _a 978-8183420457 | ||
| 040 | _cAL | ||
| 041 | _aeng | ||
| 082 | _a370 KAMP | ||
| 100 |
_aKamath H D _9222852 |
||
| 245 | _aPrimary education | ||
| 260 |
_aNew Delhi _bCrescent Publication _c2007 |
||
| 300 | _a340p | ||
| 650 |
_aEducation _9222853 |
||
| 700 |
_aDavid A _9222854 |
||
| 942 |
_2ddc _cBED |
||
| 999 |
_c235639 _d235639 |
||